Power electronics: circuits, devices, and applications

Uloženo v:
Podrobná bibliografie
Hlavní autor: Rashid, Muhammad Harunur (Autor)
Médium: Kniha
Jazyk:angličtina
Vydáno: Upper Saddle River Prentice-Hall International 1993
Vydání:2a. ed
Témata:
Tagy: Přidat tag
Žádné tagy, Buďte první, kdo vytvoří štítek k tomuto záznamu!

MARC

LEADER 00000nam a2200000 a 4500
001 UCZ8947
003 CL-VaPUC
008 960126e19930000US |||||||||||||||||eng|d
082 0 4 |a 621.381  |b RAS  |2 21 
100 0 |a Rashid, Muhammad Harunur  |e author  |9 354227 
245 1 0 |a Power electronics: circuits, devices, and applications 
250 |a 2a. ed 
300 |a 702 p 
942 |c BK 
945 |d 19960126 00:00:00  |a rleighto 
260 |a Upper Saddle River  |b Prentice-Hall International  |c 1993 
650 7 |a FUERZA ELECTRONICA  |2 CL-VaPUC  |9 354228 
650 0 |a Semiconductores  |9 260250 
650 0 |a Circuitos  |9 263339 
650 0 |a Diodos  |9 260678 
650 0 |a Transistores  |9 260330 
650 0 |a Convertidores  |9 348439 
583 |a last modification  |c 20130414 05:20:24  |k Rodrigo Vera 
999 |c 244620  |d 244618 
952 |0 0  |1 0  |4 0  |6 621_381000000000000_RAS_1993  |7 0  |8 A  |9 258738  |a BIBING  |b BIBING  |d 2019-11-19  |i 3172090  |o 621.381 RAS 1993  |p 3172090  |r 2025-01-20  |w 2019-11-19  |y BK  |k EIE 
952 |0 0  |1 0  |4 0  |6 621_381000000000000_RAS_1993  |7 0  |8 A  |9 258739  |a BIBING  |b BIBING  |d 2019-11-19  |i 3562255  |l 1  |o 621.381 RAS 1993  |p 3562255  |r 2025-01-20  |s 2023-08-24  |w 2019-11-19  |y BK  |k ING